Educación y memoria. La escuela elabora el pasado
Guardat en:
| Autors principals: | , |
|---|---|
| Format: | Llibre |
| Idioma: | espanyol |
| Publicat: |
Madrid
Siglo Veintiuno
2004
|
| Col·lecció: | Memorias y Represión, 7
|
| Matèries: | |
| Etiquetes: |
Afegir etiqueta
Sense etiquetes, Sigues el primer a etiquetar aquest registre!
|
MARC
| LEADER | 00000cam a2200000 a 4500 | ||
|---|---|---|---|
| 001 | UCH8937 | ||
| 003 | CL-VaPUC | ||
| 008 | 091217e20040000SP |||||||||||||||||spa|d | ||
| 020 | |a 978843231157X | ||
| 082 | 0 | 4 | |a 303.6 |b JEL |2 21 |
| 100 | |a Jelin, Elizabeth |e author |9 548312 | ||
| 700 | 0 | |a Lorenz, Federico Guillermo |e author |9 545699 | |
| 245 | 1 | 0 | |a Educación y memoria. La escuela elabora el pasado |
| 300 | |a 185 p | ||
| 942 | |c BK | ||
| 945 | |d 20091217 00:00:00 |a rbrito | ||
| 260 | |a Madrid |b Siglo Veintiuno |c 2004 | ||
| 650 | 0 | |a Represión política |9 479457 | |
| 650 | 0 | |a Política |9 255312 | |
| 650 | 0 | |a Derechos humanos |9 223025 | |
| 583 | |a last modification |c 20110902 11:09:15 |k Rodrigo Vera | ||
| 490 | 0 | |a Memorias y Represión, 7 | |
| 999 | |c 339018 |d 339016 | ||
| 952 | |0 0 |1 0 |4 0 |6 303_600000000000000_JEL_2004 |7 0 |8 A |9 432371 |a BIBEDU |b BIBEDU |d 2019-11-22 |i 4626273 |o 303.6 JEL 2004 |p 4626273 |r 2019-11-22 |w 2019-11-22 |y BK |k LIT | ||
| 952 | |0 0 |1 0 |4 0 |6 303_600000000000000_JEL_2004 |7 0 |8 A |9 432372 |a BIBEDU |b BIBEDU |d 2019-11-22 |i 4789482 |o 303.6 JEL 2004 |p 4789482 |r 2019-11-22 |w 2019-11-22 |y BK |k PSI | ||